000 00988cam a22002651 4500
001 gs 58000157
003 DLC
005 20260227111406.0
008 780220s1957 nmu 000 0 eng c
010 _ags 58000157
035 _a(OCoLC)3654155
040 _aU. S. Geol. Survey. Libr.
_cCCC
_dDLC
042 _apremarc
050 0 0 _aTN24.N6
_bA232 no. 55
082 _a557.89
100 1 _aJahns, Richard H.
_q(Richard Henry),
_d1915-
245 0 4 _aThe Pelican area, Palomas (Hermosa) district, Sierra County, New Mexico;
_bpreliminary map issue.
260 _aSocorro,
_bState Bureau of Mines and Mineral Resources,
_bNew Mexico Institure of Mining & Technology,
_c1957.
300 _a5 p.
_c23 cm.
490 1 _aNew Mexico. Bureau of Mines and Mineral Resources. Bulletin
_v55
500 _aIn an envelope.
500 _aFold. col. map inserted.
650 0 _aGeology
_zNew Mexico
_zSierra County.
830 0 _aBulletin (New Mexico. Bureau of Mines and Mineral Resources) ;
_v55.
999 _c29242
_d29242